000 00348 a2200145 4500
001 170009
020 _a
040 _cMagnum
100 _aIngram, Anne
240 1 0 _aThe land of morning calm and other stories
_lING
245 1 0 _aThe land of morning calm and other stories
362 0 _a1899
697 _aLITERATURA ESTRANGEIRA
942 _cBK
999 _c170009
_d170009